| 000 | 00642nam a22002177a 4500 | ||
|---|---|---|---|
| 003 | OSt | ||
| 005 | 20220107122755.0 | ||
| 008 | 140912b xxu||||| |||| 00| 0 eng d | ||
| 020 | _a9781439813287 | ||
| 040 | _cIIITM-K | ||
| 082 | _a621.38928 MA/I | ||
| 245 |
_aIntelligent video surveillance: _bSystems and technology _cedited by Yunqian Ma; Gang Qian |
||
| 260 |
_aBoca Raton, _bCRC Press, _c2010. |
||
| 300 | _axx, 546p. | ||
| 650 |
_aARTIFICIAL INTELLIGENCE _95831 |
||
| 650 |
_aSURVEILLANCE SYSTEM _95832 |
||
| 650 |
_aVIDEO SURVEILLANCE SYSTEM _95833 |
||
| 700 |
_aMa, Yunqian _95834 |
||
| 700 |
_aQian, Gang _95835 |
||
| 942 |
_2ddc _cBK |
||
| 999 |
_c4471 _d4471 |
||